000 00250nam a2200097Ia 4500
001 680164
005 20250826161336.0
008 250824s9999 xx 000 0 und d
245 0 _aKİTAPKURDU KAFADARLAR
_cJUDY DELTON
260 _bGÜNIŞIĞI KİTAPLIĞI
999 _c680164
_d680164